000 00531nam a2200181Ia 4500
999 _c3593
_d3593
003 OSt
005 20200821145439.0
008 190216s9999||||xx |||||||||||||| ||und||
020 _a9788131765272
040 _coclc
082 _a615.19
_bBHA/P
100 _aBhasin, S K
_94286
245 0 _aPharmaceutical Physical Chemistry :
_bTheory and Practices /
_cS K Bhasin
260 _bPearson,
_c2012.
_aDelhi- Chennai:
300 _a593p
650 _aChemistry
942 _cBK
_2ddc
_h615.19
_iBHA/P
_k615.19
_mBHA/P